000 00608nam a2200181 i 4500
001 37753
003 ES-MaACL
005 20230906155634.0
007 t|
008 030221s1905 sp ||||1| spa d
100 1 _aCadalso, Fernando.
_933372
245 1 0 _aJorge Washington y los Estados Unidos
_b: Tesis escrita para los ejercicios del grado de Doctor en Filosofia y Letras /
_cpor Fernando Cadalso y Manzano.
260 _aMadrid :
_bGóngora,
_c1905.
300 _a78 p. ;
_c23 cm.
502 _aTesis doctoral.
600 0 4 _aWashington, George-
_xBiografías.
_9116147
852 _aES-MaACL
_jT-1041-F-3
999 _c37753
_d37753